000 00694nam a2200229Ia 4500
001 15232
003 GE_BSU
008 181216s||||||||xx |||||||||||||| ||und||
040 _cGE_BSU
080 _a821.353.1-1
100 _aჩარკვიანი,ჯანსუღ
245 _aმზის მოსავალი
245 _bლექსები
245 _cრედ.მ.ქოიავა. მხატვ. ო.ჯიშკარიანი
260 _aთბილისი
260 _bმერანი
260 _c1970
300 _a138გვ.16სმ.
653 _aლექსები
653 _aმზის მოსავალი
942 _cBK
999 _c48344
_d48344